BIBLIOTECA

SENCICO

Criterios de evaluación de proyectos : (Registro nro. 127)

Detalles MARC
000 -LEADER
fixed length control field 01641nam a2200265Ia 4500
003 - CONTROL NUMBER IDENTIFIER
control field PE SENCICO BE
005 - DATE AND TIME OF LATEST TRANSACTION
control field 20251020182427.0
008 - FIXED-LENGTH DATA ELEMENTS--GENERAL INFORMATION
fixed length control field 200515s9999 xx 000 0 und d
020 ## - INTERNATIONAL STANDARD BOOK NUMBER
International Standard Book Number 84-481-0067-0
040 ## - CATALOGING SOURCE
Original cataloging agency PE SENCICO BE
Transcribing agency PE SENCICO BE
041 ## - LANGUAGE CODE
Language code of text/sound track or separate title spa
082 ## - DEWEY DECIMAL CLASSIFICATION NUMBER
Classification number 332.6
Item number S22
100 1# - MAIN ENTRY--PERSONAL NAME
Personal name Sapag Chain, Nassir
9 (RLIN) 2268
Relator term autor
245 10 - TITLE STATEMENT
Title Criterios de evaluación de proyectos :
Remainder of title como medir la rentabilidad de las inversiones /
Statement of responsibility, etc. Nassir Sapag Chain
260 ## - PUBLICATION, DISTRIBUTION, ETC.
Place of publication, distribution, etc. Madrid :
Name of publisher, distributor, etc. McGraw-Hill ;
Date of publication, distribution, etc. 1993
300 ## - PHYSICAL DESCRIPTION
Extent 144 p. :
Other physical details tbl. ;
Dimensions 23 cm.
490 ## - SERIES STATEMENT
Series statement McGraw-Hill de Management
505 0# - FORMATTED CONTENTS NOTE
Formatted contents note Nuevo enfoque para la evaluación de proyectos -- Limitaciones al trabajo del evaluador: las variables del entorno -- Viabilidad de un proyecto -- Estudio de mercado: una visión más amplia -- Marcado consumidor -- Una estrategia comercial para el proyecto -- Influencia del estudio técnico -- Optimizar el proyecto -- El problema organizacional -- Inversiones que deben y no deben incluirse -- Inversiones en capital de trabajo -- Los beneficios del proyecto -- Valores de desecho -- Proyectar el flujo de caja -- El aporte de las matemáticas financieras -- Opciones para medir la rentabilidad -- Sensibilización del proyecto.
520 3# - SUMMARY, ETC.
Summary, etc. El texto analiza los elementos determinantes del éxito o el fracaso del estudio de proyectos. Ofrece una forma racional y eficaz de hacer correctamente el estudio de viabilidad de un proyecto.
650 10 - SUBJECT ADDED ENTRY--TOPICAL TERM
Topical term or geographic name entry element Inversiones
9 (RLIN) 2270
650 20 - SUBJECT ADDED ENTRY--TOPICAL TERM
Topical term or geographic name entry element Administración de proyectos
9 (RLIN) 149
650 20 - SUBJECT ADDED ENTRY--TOPICAL TERM
Topical term or geographic name entry element Financiamiento de proyectos
9 (RLIN) 2269
650 20 - SUBJECT ADDED ENTRY--TOPICAL TERM
Topical term or geographic name entry element Inversiones
9 (RLIN) 2270
942 ## - ADDED ENTRY ELEMENTS (KOHA)
Koha item type Libros
Source of classification or shelving scheme Dewey Decimal Classification
Existencias
Fecha de la última vez que lo usaron Número de ingreso o de inventario Pago total Signatura topográfica completa Código de barras Precio efectivo desde Tipo de documento Estado perdido Sistema de clasificación Estado dañado No es para préstamo Retirado Ubicación permanente Ubicación actual Fecha de adquisición
15/05/2020 11493   658.404/S22 BibLima24060020 15/05/2020 Libros   Dewey Decimal Classification       Biblioteca Central Lima Biblioteca Central Lima 15/05/2020